La fe evangélica y las teologías de la liberación / Samuel Escobar (Registro nro. 33849)
[ vista simple ]
| 000 -LÍDER | |
|---|---|
| Campo fijo de descripción fija | 005780000a22001930004500 |
| 020 ## - NÚMERO INTERNACIONAL NORMALIZADO PARA LIBROS | |
| Número Internacional Normalizado del libro | 0-311-09107-5 |
| 041 0# - CÓDIGO DE IDIOMA | |
| Código de idioma para texto/pista de sonido o título separado | |
| 082 04 - NÚMERO DE CLASIFICACIÓN DECIMAL DEWEY | |
| Número de clasificación | G 270.92 E746f |
| 001 - NÚMERO DE CONTROL | |
| Campo de control | 3146 |
| 100 1# - ASIENTO PRINCIPAL--NOMBRE PERSONAL | |
| Nombre personal | Escobar, Samuel (1934-) |
| 245 10 - TÍTULO | |
| Título del Material | La fe evangélica y las teologías de la liberación / Samuel Escobar |
| 260 ## - PUBLICACIÓN, DISTRIBUCIÓN, ETC. (PIE DE IMPRENTA) | |
| Lugar de publicación, distribución, etc. | El Paso, TX., USA : Casa Bautista de Publicaciones |
| 300 ## - DESCRIPCIÓN FÍSICA | |
| Extensión | 224 Pag |
| 336 ## - CONTENT TYPE | |
| Content type term | texto |
| Content type code | txt |
| Source | rdacontent |
| 337 ## - MEDIA TYPE | |
| Source | rdamedia |
| Media type term | sin mediación |
| Media type code | n |
| 338 ## - CARRIER TYPE | |
| Source | rdacarrier |
| Carrier type term | volumen |
| Carrier type code | nc |
| 650 14 - ASIENTO SECUNDARIO DE MATERIA - TERMINO TEMÁTICO | |
| Término temático o nombre geográfico como elemento de entrada | TEOLOGIA PROTESTANTE \ TEOLOGIA DE LA LIBERACION |
| 942 ## - TIPO DE MATERIAL (KOHA) | |
| Tipo de Item KOHA | Libros General |
| Estado de Material | Estado de Perdido | Forma de Clasificación | Estado de Dañado | No para Préstamo | Colección | Tomo | Biblioteca de Origen | Biblioteca Permanente | Fecha de Adquisición | Total de Préstamos | Signatura Topográfica | Código de Barras | Última vez visto | Última vez Préstado | Ejemplar/Existencia | Fecha de Remplazo | Tipo de Material | Total de Renovaciones |
|---|---|---|---|---|---|---|---|---|---|---|---|---|---|---|---|---|---|---|
| Dewey Decimal Classification | Colección General | Biblioteca FUSBC | Biblioteca FUSBC | 01/12/2004 | 5 | G 270.92 E746f | 14595 | 18/09/2025 | 16/09/2025 | Ej. 3 | 26/01/2016 | Libros General | ||||||
| Dewey Decimal Classification | Colección General | Biblioteca FUSBC | Biblioteca FUSBC | 01/12/2004 | 10 | G 270.92 E746f | 2709 | 06/06/2022 | 09/11/2019 | Ej. 1 | 26/01/2016 | Libros General | 2 | |||||
| Dewey Decimal Classification | Colección General | Biblioteca FUSBC | Biblioteca FUSBC | 01/12/2004 | 9 | G 270.92 E746f | 14596 | 01/08/2024 | 30/05/2024 | Ej. 2 | 26/01/2016 | Libros General | 5 |
